000 00583nam a2200229Ia 4500
003 OSt
005 20220928113017.0
006 a|||||r|||| 00| 0
007 ta
008 220927b |||||||| |||| 00| 0 eng d
024 _a56478
037 _cTextual
040 _aSDCL
_cSDCL
_beng
041 _2eng
_aeng
082 _aO152,3N40,6, M2.2
100 _aKohli Narendra
245 0 _aYuddha.
260 _aDelhi
_bParag Prakashan
_c1982
300 _aV2/366p
_ccm.
942 _hO152,3N40,6, M2.2
_cTEXL
_2CC
999 _c747636
_d747636